Electro - Portrayals by Picture - Statistics

General Stats
  • This quiz has been taken 7 times
  • The average score is 1 of 18
Answer Stats
Picture Answer % Correct
Jamie Foxx
80%
Josh Keaton
40%
Allan Melvin
0%
Christopher Daniel Barnes
0%
Christopher Daniel Barnes
0%
Crispin Freeman
0%
Daisy Lightfoot
0%
Dale Wilson
0%
David Sobolov
0%
Ethan Embry
0%
Ian James Corlett
0%
Kirk Thornton / Christopher Daniel Barnes
0%
Liam O'Brien
0%
Liam O'Brien
0%
Philip Proctor
0%
Stephanie Lemelin
0%
Thomas F. Wilson
0%
Tom Harvey
0%
No matching quizzes found
Score Distribution
Percent of People with Each Score
Percentile by Number Answered
Your Score History
You have not taken this quiz